| 000 | 00592nam a2200169 i 4500 | ||
|---|---|---|---|
| 001 | 94633 | ||
| 003 | ES-MaACL | ||
| 005 | 20230906181526.0 | ||
| 007 | t| | ||
| 008 | 050511s1904 fr ||||1| fre d | ||
| 100 | 1 |
_aLot, Ferdinand. _974290 |
|
| 245 | 1 | 0 |
_aFidèles ou vassaux _b: essai sur la nature juridique du lien qui unissait les grands vassaux áa la royauté, depuis le milieu du IXe jusqu'áa la fin du XIIe siècle / _cFerdinand Lot. |
| 260 |
_aParis : _bRennes, _c1904. |
||
| 300 |
_aXXXIV, 286 p. ; _c23 cm. |
||
| 650 | 4 |
_aNobleza- _zFrancia. _9161972 |
|
| 852 |
_aES-MaACL _jF-9450 |
||
| 999 |
_c94633 _d94633 |
||